000 00385nam a22001577a 4500
005 20160916100752.0
008 160916b xxu||||| |||| 00| 0 eng d
020 _a978-81-318-0645-6
041 _aeng
100 _aPunmmia DR.B C
_93561
245 _aDESIGN OF STEEL STRUCTURES
260 _bLAXHMI PUBLICATION
_c2013
300 _a1156
650 _aENGINEERING
_93562
942 _cBK
999 _c5247
_d5245